Classifica Pallone d'Oro 2000 - Statistics

Statistiche generali
  • Questo quiz è stato fatto 84 volte
  • Il punteggio medio è 17 su 30
Statistiche sulle risposte
Punti Nazione Squadra Calciatore % Corretto
181 Francia Juventus Zinédine Zidane
97%
197 Portogallo Barcellona / Real Madrid Luis Figo
94%
85 Ucraina Milan Andrij Ševčenko
93%
57 Francia Arsenal Thierry Henry
92%
26 Argentina Fiorentina / Roma Gabriel Omar Batistuta
89%
10 Italia Milan Paolo Maldini
85%
18 Spagna Real Madrid Raúl González Blanco
82%
7 Italia Roma Francesco Totti
79%
4 Repubblica Ceca Lazio Pavel Nedvěd
75%
39 Brasile Barcellona Rivaldo
74%
39 Italia Lazio Alessandro Nesta
72%
5 Paesi Bassi Juventus Edgar Davids
67%
1 Argentina Lazio Juan Sebastián Verón
60%
2 Portogallo Fiorentina Manuel Rui Costa
60%
1 Irlanda Manchester United Roy Kaene
60%
7 Brasile Real Madrid Roberto Carlos
57%
4 Francia Monaco / Juventus David Trezeguet
54%
10 Inghilterra Manchester United David Beckham
50%
22 Spagna Valencia Gaizka Mendieta
42%
2 Germania Bayern Monaco Oliver Kahn
39%
5 Turchia Galatasaray / Inter Hakan Şükür
36%
6 Paesi Bassi Barcellona Patrick Kluivert
32%
5 Argentina Real Madrid / Milan Fernando Redondo
31%
7 Italia Fiorentina Francesco Toldo
26%
1 Francia Inter Laurent Blanc
26%
8 Francia Monaco / Manchester United Fabien Barthez
21%
1 Argentina Valencia / Lazio Claudio López
18%
2 Francia Chelsea Marcel Desailly
18%
5 Brasile Porto / Galatasaray Mario Jardel
13%
8 Slovenia Olympiakos / Valencia Zlatko Zahovič
10%
Nessun quiz corrispondente trovato
Distribuzione punteggi
Percentuale di utenti per punteggio
Percentile per numero di risposta
I tuoi punteggi nel tempo
Non hai fatto questo quiz